[Event "NLD-chT"]
[Site "?"]
[Date "1993.??.??"]
[Round "9"]
[White "Timmerman, Gert J"]
[Black "Van Wely, Loek"]
[Result "0-1"]
[WhiteElo "2325"]
[BlackElo "2560"]

1.e4 c5 2.Nf3 d6 3.d4 cxd4 4.Nxd4 Nf6 5.Nc3 e6 6.g4 h6 7.h4 Nc6 8.Rg1 d5
9.exd5 Nxd5 10.Nxd5 exd5 11.Be3 Qxh4 12.Qe2 Be7 13.O-O-O O-O 14.Nf3 Qf6 15.g5 hxg5
16.Bxg5 Qf5 17.Bxe7 Re8 18.Qd2 Rxe7 19.Rg3 Ne5 20.Nxe5 Qxe5 21.Re3 Qf6 22.Rxe7 Qxe7
23.Re1 Qd8 24.Bd3 Be6 25.Qf4 Qf6 26.Qg3 Rc8 27.Rh1 g6 28.Qh2 d4 29.b3 Kf8
30.Qd6+ Kg7 31.Qh2 Rd8 32.Kb1 Bg4 33.Qh6+ Kg8 34.Rg1 Bf5 35.Qf4 Rd5 36.Rg5 Qe5
37.Qd2 Qf6 38.Qf4 Re5 39.Rg1 Qd6 40.Qg3 Bxd3 41.Qxd3 Qf6 42.Qd2 Rf5 43.Rg2 Rf3
44.a4 b6 45.Rh2 d3 46.cxd3 Qd6 47.Qe2 Qxd3+ 48.Qxd3 Rxd3 49.Kc2 Rf3 50.b4 Kg7
51.a5 bxa5 52.bxa5 Ra3 53.Kd2 Rxa5 54.Rh4 Rf5 55.Ke3 a5 56.Re4 Rf6 57.Ra4 Ra6
58.Ke4 Kf6 59.Kd5 Kg5 60.Ke4 f6 61.Ke3 Kf5 62.f4 Kg4  0-1

[Event "Skei"]
[Site "Skei"]
[Date "1993.??.??"]
[Round "1"]
[White "Van Wely, Loek"]
[Black "Engedal, Kim Nikolai"]
[Result "1-0"]
[WhiteElo "2560"]
[BlackElo "2240"]

1.d4 d5 2.Nf3 c6 3.c4 e6 4.Nc3 dxc4 5.e3 b5 6.a4 Bb4 7.Bd2 a5 8.axb5 Bxc3
9.Bxc3 cxb5 10.b3 Bb7 11.bxc4 b4 12.Bb2 Nf6 13.Bd3 Nbd7 14.Qc2 O-O 15.e4 e5
16.O-O Qc7 17.c5 Ba6 18.Bxa6 Rxa6 19.Rfc1 Rc6 20.dxe5 Ng4 21.h3 Rxc5 22.Qd2 Nh6
23.Rxc5 Nxc5 24.Rc1 Qe7 25.Qd5 Ne6 26.Qxa5 Kh8 27.Qb6 Nf4 28.Rc7 Qd8 29.Kh2 Nd3
30.Bd4 Qa8 31.Rb7 Qa2 32.e6  1-0

[Event "Ter Apel"]
[Site "Ter Apel"]
[Date "1993.??.??"]
[Round "1"]
[White "Nijboer, Friso"]
[Black "Van Wely, Loek"]
[Result "1-0"]
[WhiteElo "2505"]
[BlackElo "2560"]

1.e4 c5 2.Nf3 d6 3.d4 cxd4 4.Nxd4 Nf6 5.Nc3 e6 6.f4 a6 7.Bd3 b5 8.e5 dxe5
9.fxe5 Nd5 10.Qg4 Nxc3 11.bxc3 Qd5 12.Be4 Qxe5 13.Qf4 Qxf4 14.Bxf4 Nd7 15.Bxa8 e5
16.Be3 exd4 17.Bxd4 f6 18.O-O Bd6 19.a4 bxa4 20.Rxa4 Kd8 21.Rb1 Re8 22.Bb7 Nc5
23.Bxc5 Bxc5+ 24.Kf1 Re6 25.Bxc8 Kxc8 26.Rc4 Rc6 27.Rd1 Kc7 28.Rd5 Kb6 29.Rd7 Kb5
30.Re4 f5 31.Re8 a5 32.Rxg7 a4 33.Ra8 a3 34.Rb7+ Kc4 35.Rb3 Re6 36.Ra4+ Kd5
37.Rb5 Re4 38.Rxa3 Rf4+ 39.Ke1 Re4+ 40.Kd1 Kc4  1-0

[Event "Ter Apel"]
[Site "Ter Apel"]
[Date "1993.??.??"]
[Round "2"]
[White "Vaganian, Rafael A"]
[Black "Van Wely, Loek"]
[Result "0-1"]
[WhiteElo "2615"]
[BlackElo "2560"]

1.Nf3 g6 2.e4 d6 3.d4 Bg7 4.Bc4 Nf6 5.Nbd2 O-O 6.e5 dxe5 7.dxe5 Nd5 8.O-O Nc6
9.Re1 Bf5 10.Bb3 Na5 11.Nd4 Bc8 12.Qf3 Nb6 13.Qc3 Nxb3 14.N2xb3 c6 15.Bg5 h6
16.Bh4 g5 17.Bg3 Na4 18.Qb4 Nxb2 19.a4 Qd5 20.Qxe7 b6 21.a5 c5 22.Nf3 Bf5
23.Rac1 Rfd8 24.axb6 axb6 25.e6 Bxe6 26.Ne5 c4 27.Na1 Qc5 28.Qxc5 bxc5 29.Nc6 Rd2
30.Be5 Bxe5 31.Nxe5 Rad8 32.h3 c3 33.Nf3 Bd5 34.Nh2 c4 35.Nf1 Be6 36.g4 h5
37.Ng3 hxg4 38.hxg4 Bxg4 39.Ne4 R8d4 40.Kg2 f5 41.Nxc3 Rf4 42.Rf1 Rf3 43.Nb5 f4
44.Rce1 Rg3+ 45.Kh2 Bf3 46.Re8+ Kg7 47.Nc7 Rg2+ 48.Kh3 Nd1 49.Ne6+ Kf7 50.Nxg5+ Rxg5  0-1

[Event "Akureyri"]
[Site "Akureyri"]
[Date "1994.??.??"]
[Round "?"]
[White "Thorhallsson, Gylfi"]
[Black "Van Wely, Loek"]
[Result "0-1"]
[WhiteElo "2295"]
[BlackElo "2570"]

1.e4 c5 2.Nf3 d6 3.d4 cxd4 4.Nxd4 Nf6 5.Nc3 a6 6.Be2 e6 7.Be3 Qc7 8.O-O b5
9.a3 Bb7 10.f4 Nxe4 11.Nxe4 Bxe4 12.Bf3 Qb7 13.f5 e5 14.f6 gxf6 15.Nf5 Bxf3
16.Rxf3 d5 17.Bf2 Nd7 18.Rc3 d4 19.Bxd4 exd4 20.Qxd4 Ne5 21.Re1 Qa7 22.Rc8+ Rxc8
23.Ng7+ Bxg7 24.Qxa7 Rc6 25.Qb7 Rd6 26.a4 bxa4 27.Qc8+ Rd8 28.Qc6+ Kf8 29.Qxa6 h5
30.Qxa4 h4 31.c4 h3 32.c5 hxg2 33.Rd1 Re8 34.c6 Bh6 35.c7 Kg7 36.Qxe8 Rxe8
37.Rd8 Be3+ 38.Kxg2 Bb6 39.Rxe8 Bxc7 40.b4 f5 41.Rc8 Bb6 42.Rb8 Be3 43.b5 f4
44.Re8 Kf6 45.h4 Kf5 46.h5 f3+ 47.Kg3 f2 48.Kg2 Ng4 49.Rxe3 Nxe3+ 50.Kxf2 Nd5
51.Ke1 Kg5 52.Kd2 Kxh5 53.Kd3 f5 54.Kd4 Nb6 55.Kc5 Nc8  0-1

[Event "Akureyri"]
[Site "Akureyri"]
[Date "1994.??.??"]
[Round "?"]
[White "Van Wely, Loek"]
[Black "Danielsen, Henrik"]
[Result "1-0"]
[WhiteElo "2570"]
[BlackElo "2480"]

1.d4 c6 2.c4 d5 3.Nc3 Nf6 4.Nf3 dxc4 5.a4 Bg4 6.Ne5 Bh5 7.g3 e6 8.Bg2 Bb4
9.O-O Nd5 10.Qc2 Be7 11.Nxc4 O-O 12.e4 Nb4 13.Qd2 N8a6 14.b3 Qc7 15.Bb2 Rad8
16.Rab1 Nc5 17.Ba1 Bg6 18.Rfd1 Bf6 19.Ne2 a5 20.Qf4 e5 21.Nxe5 Bxe5 22.dxe5 Nxb3
23.e6 Qe7 24.Rxd8 Qxd8 25.e7  1-0

[Event "Garmisch"]
[Site "Garmisch"]
[Date "1994.??.??"]
[Round "6"]
[White "Van Wely, Loek"]
[Black "Lobron, Eric"]
[Result "1-0"]
[WhiteElo "2560"]
[BlackElo "2580"]

1.d4 Nf6 2.c4 e6 3.Nf3 c5 4.d5 exd5 5.cxd5 d6 6.Nc3 g6 7.e4 Bg7 8.h3 a6 9.a4 Qe7
10.Bd3 Nbd7 11.O-O O-O 12.Re1 Re8 13.Bf1 Nh5 14.Be3 Rb8 15.Nd2 Ne5 16.f4 Nd7
17.g4 Nhf6 18.Bf2 h5 19.g5 Nh7 20.Nc4 Nxg5 21.fxg5 b5 22.axb5 axb5 23.Na5 b4
24.Nb5 Ba6 25.Nc7 Qxg5+ 26.Bg2 Bb5 27.Nxb5 Rxb5 28.Nc4 Bf8 29.Qc1 Qd8 30.Bg3 Nb6
31.Rf1 Nxc4 32.Qxc4 Rb7 33.b3 Bg7 34.Ra6 Be5 35.Bxe5 Rxe5 36.Qd3 Qe7 37.Rc6 Ra7
38.Qb5 Rd7 39.Rc8+ Rd8 40.Rxd8+ Qxd8 41.Qb7 Re7 42.Qc6 Kg7 43.Kh1 Re5 44.Qb7 Re7
45.Qa6 Re5 46.Qa1 Qe7 47.Qc1 Kg8 48.Qf4 Kg7 49.Rf2 Kg8 50.Qf6 Qc7 51.Ra2 Re8
52.Ra6 c4 53.Rc6 Qa7 54.Rxc4 Qe3 55.Rc7 Rf8 56.Qxd6 Qxb3 57.Rb7 Qd3 58.Rxb4 Qa3
59.e5 Rc8 60.e6 fxe6 61.Qxe6+ Kh7 62.Qf7+ Kh6 63.Qf4+  1-0

[Event "Garmisch"]
[Site "Garmisch"]
[Date "1994.??.??"]
[Round "8"]
[White "Van Wely, Loek"]
[Black "Hug, Werner"]
[Result "0-1"]
[WhiteElo "2560"]
[BlackElo "2445"]

1.d4 Nf6 2.c4 g6 3.Nc3 Bg7 4.e4 d6 5.f3 a6 6.Be3 c6 7.Bd3 Nbd7 8.c5 O-O 9.cxd6 exd6
10.Nge2 Re8 11.O-O b5 12.Qd2 Bb7 13.Rad1 Qa5 14.Bf4 c5 15.dxc5 dxc5 16.Bc2 b4
17.Na4 Bc6 18.b3 Bxa4 19.bxa4 Rac8 20.Qe3 c4 21.g4 Nc5 22.g5 Nd5 23.Qc1 Nxf4
24.Nxf4 b3 25.Bb1  0-1

[Event "Garmisch"]
[Site "Garmisch"]
[Date "1994.??.??"]
[Round "9"]
[White "Huebner, Robert"]
[Black "Van Wely, Loek"]
[Result "1/2-1/2"]
[WhiteElo "2605"]
[BlackElo "2560"]

1.d4 Nf6 2.Nf3 g6 3.g3 Bg7 4.Bg2 O-O 5.O-O d5 6.c4 c6 7.b3 Ne4 8.Bb2 Nd7
9.Nbd2 Ndf6 10.Ne5 Qa5 11.Nxe4 Nxe4 12.Qc2 Nf6 13.Bc3 Qb6 14.e3 Bf5 15.Qe2 h5
16.Bb2 a5 17.Ba3 Rfe8 18.cxd5 cxd5 19.Rfc1 Ne4 20.f3 Nd6 21.Bc5 Qd8 22.a4 f6
23.e4 fxe5 24.exf5 b6 25.Ba3 Nxf5 26.dxe5 e6 27.f4 Qd7 28.Bh3 Bf8 29.Bxf5 gxf5
30.Bxf8 Rxf8 31.Qxh5 Rfc8 32.g4 fxg4 33.Qxg4+ Qg7 34.h3 Rc5 35.Kh2 Kf7 36.Rxc5 bxc5
37.Rc1 Rc8 38.Qxg7+ Kxg7 39.Kg3 Kg6 40.Kg4 c4 41.bxc4 Rxc4 42.Rb1 Rb4 43.Rc1 Rc4
44.Ra1 d4 45.h4 d3 46.Rd1 Rd4 47.Rd2 Kh6 48.h5 Rd5 49.Kh4 Rd4 50.Kg4 Rd5
51.Kh4  1/2-1/2

[Event "Garmisch"]
[Site "Garmisch"]
[Date "1994.??.??"]
[Round "11"]
[White "Hertneck, Gerald"]
[Black "Van Wely, Loek"]
[Result "1-0"]
[WhiteElo "2605"]
[BlackElo "2560"]

1.d4 d5 2.c4 e6 3.Nc3 c6 4.e3 f5 5.Bd3 Nf6 6.Nf3 Bd6 7.O-O O-O 8.b3 Ne4 9.Bb2 Bd7
10.Ne5 Be8 11.Ne2 Nd7 12.f3 Ng5 13.f4 Ne4 14.c5 Bc7 15.b4 Bh5 16.Qe1 Nxe5
17.dxe5 Bxe2 18.Qxe2 b5 19.a4 a6 20.Bd4 Qe7 21.Ra2 Rfc8 22.Rfa1 Qe8 23.Ra3 g6
24.Qa2 Rab8 25.axb5 axb5 26.Ra7 h6 27.g4 Kf7 28.Qg2 Ke7 29.gxf5 exf5 30.Bxe4 dxe4
31.e6 Kf8 32.Qa2 Kg8 33.e7+ Qf7 34.e8=Q+  1-0

[Event "Garmisch"]
[Site "Garmisch"]
[Date "1994.??.??"]
[Round "14"]
[White "Landenbergue, Claude"]
[Black "Van Wely, Loek"]
[Result "1-0"]
[WhiteElo "2450"]
[BlackElo "2560"]

1.e4 d6 2.d4 Nf6 3.Nc3 g6 4.Be3 Bg7 5.Qd2 c6 6.h3 b5 7.a3 O-O 8.f4 d5 9.e5 Ne4
10.Nxe4 dxe4 11.Ne2 f5 12.O-O-O Be6 13.Nc3 a6 14.g4 Bd5 15.Be2 Nd7 16.h4 e6
17.h5 Rf7 18.hxg6 hxg6 19.gxf5 gxf5 20.Rdg1 Nb6 21.Qe1 a5 22.Qg3 b4 23.Nb1 Bc4
24.Qg6 Bxe2 25.Rh7 Bg4 26.Rgh1 Kf8 27.Rxg7  1-0

[Event "Garmisch"]
[Site "Garmisch"]
[Date "1994.??.??"]
[Round "15"]
[White "Van Wely, Loek"]
[Black "Bischoff, Klaus"]
[Result "1/2-1/2"]
[WhiteElo "2560"]
[BlackElo "2525"]

1.d4 e6 2.c4 b6 3.Nf3 Bb7 4.Nc3 Bb4 5.Qb3 a5 6.a3 a4 7.Qxb4 Nc6 8.Qb5 Ra5
9.d5 Nb8 10.Qxa5 bxa5 11.e4 d6 12.Bd3 Nd7 13.Nxa4 Ngf6 14.O-O O-O 15.Bd2 exd5
16.exd5 c6 17.Bf4 cxd5 18.Bxd6 dxc4 19.Bxf8 cxd3 20.Bd6 Bxf3 21.gxf3 Nb6
22.Nxb6 Qxd6 23.Rac1 h5 24.Nc4 Qf4 25.Rfd1 Qxf3 26.Ne5 Qe2 27.Nxd3 Ne4 28.b4 axb4
29.axb4 Nc3 30.Rxc3 Qxd1+ 31.Kg2 Qg4+ 32.Kf1 Qd4 33.Ra3 Qc4 34.Kg2 Qg4+ 35.Kf1 h4
36.b5 Qc4 37.b6 Qb5 38.h3 Qxb6 39.Ne1 Qb5+ 40.Kg1 g5 41.Nf3 Kg7 42.Re3 f6
43.Nh2 Kg6 44.Kg2 Qd5+ 45.Kg1 f5 46.Rf3 Kh5 47.Re3 g4 48.hxg4+ fxg4 49.Nxg4 Kxg4
50.Kh2 Qd1 51.Kg2 Qd5+ 52.Kh2 Qa8 53.Rh3 Qa6 54.Kg2 Qc6+ 55.Kh2 Qd6+ 56.Kg2 Qd5+
57.Kh2 Qd6+ 58.Kg2 Qh6 59.Kh2 Qc6 60.Re3 Kf4 61.Rh3 Qf6 62.Re3 Qf5 63.Kg2 Kg4
64.Rh3 Qc2 65.Re3 Qc6+ 66.Kh2  1/2-1/2

[Event "Troll Masters"]
[Site "Gausdal"]
[Date "1994.??.??"]
[Round "2"]
[White "Djurhuus, Rune"]
[Black "Van Wely, Loek"]
[Result "1-0"]
[WhiteElo "2460"]
[BlackElo "2570"]

1.e4 c5 2.Nf3 d6 3.d4 cxd4 4.Nxd4 Nf6 5.Nc3 a6 6.Bc4 e6 7.Bb3 Be7 8.g4 O-O
9.g5 Nfd7 10.h4 Nc5 11.Be3 b5 12.Qg4 Nbd7 13.O-O-O Ne5 14.Qh3 b4 15.Na4 Qc7
16.h5 Re8 17.g6 Bf6 18.Nxc5 dxc5 19.h6 fxg6 20.Nxe6 Qf7 21.hxg7 h5 22.Nxc5 Bxh3
23.Bxf7+ Kxf7 24.Rxh3 Nc4 25.Bd4 Bg5+ 26.Kb1 Nd2+ 27.Ka1 Rad8 28.Rd3 Nxe4
29.Nxa6 Bf4 30.Nxb4 h4 31.a4 g5 32.c4 h3 33.Nd5 h2 34.Rh1 Rxd5 35.cxd5 Ra8
36.b3 Rd8 37.Rh3 Nd2 38.Ka2  1-0

[Event "Troll Masters"]
[Site "Gausdal"]
[Date "1994.??.??"]
[Round "7"]
[White "Van Wely, Loek"]
[Black "Rausis, Igors"]
[Result "1-0"]
[WhiteElo "2570"]
[BlackElo "2495"]

1.d4 d5 2.c4 c6 3.Nc3 e6 4.Nf3 dxc4 5.e3 b5 6.a4 Bb4 7.Nd2 Qb6 8.Qf3 Bb7
9.Qg3 Kf8 10.Be2 Nf6 11.O-O Nbd7 12.Nde4 h5 13.h4 Nxe4 14.Nxe4 c5 15.Nd6 Rd8
16.Nxb7 Qxb7 17.Qd6+ Ke8 18.axb5 Qxb5 19.Rxa7 cxd4 20.Qxd4 Ne5 21.Qe4 Qd5
22.Qc2 Be7 23.Qa4+ Kf8 24.Rd1 Nd3 25.Ra5 Qb7 26.Qxc4 Nxc1 27.Qxc1 Rxd1+ 28.Qxd1 Kg8
29.Qd4 Bf6 30.Qa4 g6 31.Ra7 Qxb2 32.Qe8+ Kh7 33.Qxf7+ Bg7 34.Bd3 Rd8 35.Qxg6+ Kg8
36.Qf7+ Kh8 37.Qxh5+ Kg8 38.Bh7+ Kh8 39.Bf5+  1-0

[Event "Troll Masters"]
[Site "Gausdal"]
[Date "1994.??.??"]
[Round "9"]
[White "Ernst, Thomas"]
[Black "Van Wely, Loek"]
[Result "1/2-1/2"]
[WhiteElo "2480"]
[BlackElo "2570"]

1.e4 c5 2.Nf3 d6 3.d4 cxd4 4.Nxd4 Nf6 5.Nc3 a6 6.a4 e6 7.Be2 Be7 8.O-O O-O
9.Be3 Qc7 10.Kh1 Nc6 11.f4 Re8 12.Bf3 Bd7 13.Nb3 b6 14.Qe2 Bf8 15.Rad1 Bc8
16.Qf2 Nd7 17.Qg3 Rb8 18.Nd4 Bb7 19.Nxc6 Bxc6 20.Bd4 b5 21.axb5 axb5 22.e5 dxe5
23.fxe5 b4 24.Ne4 Bxe4 25.Bxe4 g6 26.Bd3 Bg7 27.Rde1 Nc5 28.Qe3 Rec8 29.Rf2 Nxd3
30.Qxd3 Rd8 31.Qe4 Rb5 32.Rfe2 Rdd5 33.Qf4 f5 34.c3 h6 35.h3 g5 36.Qg3 Qc4
37.Qf3 Rb7 38.Qh5 Qc6 39.Qg6 Rd8 40.Ra1 Qe8 41.Qxe8+ Rxe8 42.Kg1 Rd8 43.Ra6 Kf7
44.g4 f4 45.Kf2 Bf8 46.Kf3 bxc3 47.bxc3 Rc8 48.Rea2 Bc5 49.Ke4 Rd7 50.R2a4 Bxd4
51.cxd4 Rc3 52.Ra3 Rc4 53.Rd3 Rc1 54.Raa3 Rf1 55.Rab3 Kg6 56.Rb6 Kf7 57.Rbb3 Ke7
58.Ra3 Rg1 59.Rab3 Rc7 60.Rbc3 Kd7 61.Rxc7+ Kxc7 62.Rc3+ Kb7 63.Rb3+ Kc6
64.Rc3+ Kd7 65.Ra3 Rc1 66.Ra7+ Rc7 67.Ra6 Ke7 68.Ra3 Rb7 69.Kf3 Rb1 70.Ke4 Re1+
71.Kf3 Kd7 72.Ra7+ Kc6 73.Ra6+ Kd5 74.Rd6+ Kc4 75.Rxe6 Re3+ 76.Kg2 Kxd4 77.Rxh6 Ke4
78.h4 Re2+ 79.Kf1 Kf3 80.hxg5 Ra2 81.Ke1 Ke3 82.Kd1 f3 83.Rf6 f2 84.e6 Rd2+
85.Kc1 Rd8 86.Kc2 Ke2 87.Kc3 f1=Q 88.Rxf1 Kxf1 89.g6 Ke2 90.Kc4 Kf3 91.Kc5 Kxg4
92.e7 Rg8 93.Kd6 Kf5 94.Kd7 Kxg6 95.e8=Q+ Rxe8 96.Kxe8  1/2-1/2

[Event "Groningen"]
[Site "Groningen"]
[Date "1994.??.??"]
[Round "2"]
[White "Jussupow, Artur"]
[Black "Van Wely, Loek"]
[Result "1-0"]
[WhiteElo "2655"]
[BlackElo "2560"]

1.d4 d5 2.c4 c6 3.Nc3 Nf6 4.Nf3 e6 5.Bg5 dxc4 6.a4 Bb4 7.e4 b5 8.e5 h6 9.exf6 hxg5
10.fxg7 Rg8 11.g3 Bb7 12.Bg2 c5 13.O-O g4 14.Nh4 Bxg2 15.Nxg2 cxd4 16.Nxb5 Nc6
17.Qxg4 a6 18.Qe4 Rc8 19.Rfd1 Bc5 20.Qh7 Kd7 21.Na3 Bxa3 22.Rxa3 Qg5 23.Ne3 Rxg7
24.Qe4 Rb8 25.Rc3 f5 26.Rxd4+ Nxd4 27.Qxd4+ Ke8 28.Qd6 Rxb2 29.Qxe6+ Re7
30.Qc8+ Kf7 31.Qxc4+ Kg7 32.Qd4+ Kh7 33.Rc8 Rb1+ 34.Kg2 Rg7 35.Rf8 Qe7 36.Rxf5 Qb7+
37.Nd5 Kg8 38.Qe4 Rd1 39.Qe8+  1-0

[Event "Leeuwarden op"]
[Site "Leeuwarden"]
[Date "1994.??.??"]
[Round "5"]
[White "Van Wely, Loek"]
[Black "Van Mil, Johannes A J"]
[Result "1-0"]
[WhiteElo "2560"]
[BlackElo "2490"]

1.Nf3 f5 2.d4 Nf6 3.g3 g6 4.Bg2 Bg7 5.O-O O-O 6.b3 d6 7.Bb2 Qe8 8.c4 Na6
9.Re1 Kh8 10.Nc3 e5 11.dxe5 dxe5 12.e4 f4 13.Nd5 Nh5 14.Ba3 Rf7 15.Ng5 Rd7
16.Bh3 Rd8 17.Bxc8 Raxc8 18.Qg4 c6 19.Ne7 Rc7 20.Qe6 Bf6 21.Nf7+ Kg7 22.Nxd8 Qxd8
23.Rad1 Qxe7 24.Bxe7 Rxe7 25.Rd7  1-0

[Event "Leeuwarden op"]
[Site "Leeuwarden"]
[Date "1994.??.??"]
[Round "6"]
[White "Cifuentes Parada, Roberto"]
[Black "Van Wely, Loek"]
[Result "1/2-1/2"]
[WhiteElo "2490"]
[BlackElo "2560"]

1.d4 Nf6 2.Nf3 g6 3.Bg5 Bg7 4.Nbd2 d5 5.e3 O-O 6.Bd3 c5 7.c3 Nbd7 8.O-O b6
9.b4 Bb7 10.bxc5 bxc5 11.Rb1 Bc6 12.Bb5 Bxb5 13.Rxb5 Rb8 14.Rxb8 Qxb8 15.Qa4 Qb2
16.Qxa7 c4 17.Qa5 Rb8 18.Bf4 Rb5 19.Qa8+ Bf8 20.a4 Qa3 21.Ne5 Rb2 22.Ndxc4 dxc4
23.Nxc4 Qxc3 24.Nxb2 Qxb2 25.a5 Qb5 26.a6 Nd5 27.a7 Nc3 28.g3 Qa6 29.Qb8 Ne2+
30.Kg2 Qc6+ 31.f3 Qc2 32.Rf2 Qd1 33.Rxe2 Qxe2+ 34.Kg1 Qe1+ 35.Kg2 Qe2+ 36.Kg1  1/2-1/2

[Event "Moscow ol (Men)"]
[Site "Moscow"]
[Date "1994.??.??"]
[Round "2"]
[White "Van Wely, Loek"]
[Black "Nadera, Barlo A"]
[Result "1/2-1/2"]
[WhiteElo "2560"]
[BlackElo "2405"]

1.d4 Nf6 2.c4 e6 3.Nf3 d5 4.Nc3 c6 5.Bg5 Nbd7 6.e3 Be7 7.cxd5 exd5 8.Qc2 O-O
9.Bd3 Re8 10.h3 Nf8 11.O-O g6 12.Rab1 Ne6 13.Bxf6 Bxf6 14.b4 Qd6 15.Rfc1 Bg7
16.Ne2 a6 17.a4 Bd7 18.g3 b5 19.Kg2 Nd8 20.Nf4 Nb7 21.h4 h6 22.Nd2 Qe7 23.Nb3 Nd6
24.Nc5 Bc8 25.Ra1 Bg4 26.Ra2 g5 27.hxg5 hxg5 28.Ne2 Qf6 29.Ng1 Nc4 30.Rca1 Bf8
31.axb5 Bxc5 32.Bxc4 Bxd4 33.exd4 dxc4 34.Rxa6 Rxa6 35.bxa6 Be6 36.a7 Bd5+
37.Kf1 Ra8 38.Qd2 Qe7 39.Qe3 Rxa7 40.Rxa7 Qxa7 41.Qxg5+ Kf8 42.Ne2 Qa2 43.Qh6+ Kg8
44.Qc1 Qb3 45.Nc3 Qxb4 46.Ke2 f6 47.f3 Kf7 48.g4 Qb8 49.Ke3 Qh2 50.Qe1 Qh6+
51.Ke2 Qg5 52.Qf2 Qc1 53.Qe3 Qc2+ 54.Kf1 Qh2 55.Ne2 Qh3+ 56.Kf2 Qh4+ 57.Kf1 Qh3+
58.Kf2 Qh4+ 59.Kf1  1/2-1/2

[Event "Moscow ol (Men)"]
[Site "Moscow"]
[Date "1994.??.??"]
[Round "14"]
[White "Meduna, Eduard"]
[Black "Van Wely, Loek"]
[Result "0-1"]
[WhiteElo "2485"]
[BlackElo "2560"]

1.d4 Nf6 2.Nf3 d5 3.Bf4 c5 4.c3 Qb6 5.Qb3 Nc6 6.e3 c4 7.Qc2 Bf5 8.Qc1 e6
9.Nbd2 h6 10.Be2 Qd8 11.Ne5 Rc8 12.O-O b5 13.b4 a5 14.a3 Bd6 15.Nxc6 Rxc6
16.Bxd6 Rxd6 17.Qb2 O-O 18.Rfe1 Ra6 19.a4 Qb8 20.axb5 Qxb5 21.e4 Nxe4 22.Bxc4 dxc4
23.Nxe4 axb4 24.Rxa6 Qxa6 25.cxb4 Rb8 26.Nc5 Qb5 27.Qe2 c3 28.Qe3 c2 29.Rc1 Qc4
30.g4 Bxg4 31.Qf4 Rxb4 32.Qxg4 Qxc5  0-1

[Event "New York op"]
[Site "New York"]
[Date "1994.??.??"]
[Round "4"]
[White "Levitt, Jonathan"]
[Black "Van Wely, Loek"]
[Result "0-1"]
[WhiteElo "2445"]
[BlackElo "2570"]

1.d4 Nf6 2.c4 g6 3.Nc3 Bg7 4.e4 d6 5.f3 O-O 6.Be3 Nbd7 7.Qd2 c5 8.d5 Ne5
9.Bg5 a6 10.f4 Ned7 11.Nf3 b5 12.cxb5 Qa5 13.e5 dxe5 14.fxe5 Ng4 15.Be2 Re8
16.e6 fxe6 17.dxe6 Nb6 18.O-O Bxe6 19.Rad1 Nc4 20.Bxc4 Bxc4 21.Qf4 Bxf1 22.Qxg4 Bxb5
23.a4 Rad8 24.Qe6+ Kh8 25.axb5 Rxd1+ 26.Nxd1 Qa1 27.Qe2 Rd8 28.Bd2 axb5 29.Kf2 Bf6
30.b3 c4 31.bxc4 bxc4 32.Ne3 c3 33.Be1 Qa4 34.Qc2 Qc6 35.Kg1 Rb8 36.Bg3 Rb2
37.Qd3 c2  0-1

[Event "NLD-ch op"]
[Site "?"]
[Date "1994.??.??"]
[Round "?"]
[White "Hellsten, Johan"]
[Black "Van Wely, Loek"]
[Result "0-1"]
[WhiteElo "2380"]
[BlackElo "2560"]

1.e4 c5 2.Nf3 d6 3.c3 Nf6 4.Be2 e6 5.O-O Nc6 6.d3 Be7 7.Re1 O-O 8.Bf1 b6
9.h3 Bb7 10.Bf4 Rc8 11.a4 Re8 12.Nbd2 Bf8 13.Bh2 a6 14.Qb3 d5 15.exd5 Nxd5
16.Nc4 f6 17.Nfd2 Kh8 18.Be2 e5 19.Bf3 Rb8 20.Be4 Ba8 21.Nf3 Nf4 22.Bxf4 exf4
23.Qd1 g6 24.d4 cxd4 25.Bxc6 Rxe1+ 26.Qxe1 Bxc6 27.Nxd4 Bxg2 28.Ne6 Qc8 29.Kxg2 Qxc4
30.Nxf8 Rxf8 31.Qe7 Rf7 32.Qd8+ Kg7 33.Qxb6 Qd5+ 34.Kh2 Rb7 35.Rd1 Rxb6 36.Rxd5 Rxb2
37.Kg2 Rc2 38.Rd7+ Kh6 39.Rd6 Kg5 40.Rc6 a5 41.Rc5+ Kh4 42.Rc4 g5 43.Rc6 h5
44.Rxf6 Rxc3 45.Rf5 Ra3 46.Rxa5 f3+ 47.Kh2 Ra2 48.Rf5 g4 49.hxg4 hxg4 50.Kg1 Ra1+
51.Kh2 Rf1  0-1

[Event "NLD-ch op"]
[Site "?"]
[Date "1994.??.??"]
[Round "?"]
[White "Perez Garcia, Hebert"]
[Black "Van Wely, Loek"]
[Result "0-1"]
[WhiteElo "2245"]
[BlackElo "2560"]

1.d4 Nf6 2.Nf3 e6 3.Bg5 c5 4.e3 Qb6 5.Bxf6 gxf6 6.Nbd2 Qxb2 7.Bd3 d5 8.dxc5 Bxc5
9.O-O f5 10.c4 dxc4 11.Bxc4 O-O 12.Nd4 Qb6 13.Rb1 Qd8 14.Qh5 Bxd4 15.exd4 Qxd4
16.Rb3 Qxd2 17.Rg3+ Kh8 18.Rd1 Qf4 19.Qxf7 Qh6 20.Qc7 Nc6 21.f4 Qf6  0-1

[Event "NLD-ch op"]
[Site "?"]
[Date "1994.??.??"]
[Round "?"]
[White "Van Wely, Loek"]
[Black "Meulders, Richard"]
[Result "1-0"]
[WhiteElo "2560"]
[BlackElo "2300"]

1.d4 f5 2.g3 Nf6 3.Bg2 e6 4.c4 Bb4+ 5.Nd2 O-O 6.Nf3 d6 7.O-O Bxd2 8.Qxd2 Qe7
9.Qc3 Re8 10.b4 a5 11.b5 Ne4 12.Qa3 Nd7 13.Bb2 b6 14.Ne1 Bb7 15.Nd3 c5 16.bxc6 Bxc6
17.Rac1 Rac8 18.Rfd1 Bb7 19.Qb3 Ba6 20.Ba3 Qf6 21.e3 Qh6 22.Ne1 Ndf6 23.h3 Ng5
24.h4 Nge4 25.Bxd6 Nxd6 26.Qxb6 Bxc4 27.Qxd6 Bxa2 28.Rxc8 Rxc8 29.Ra1 Bd5
30.Nd3 Ne4 31.Qd7 Rf8 32.Nf4  1-0

[Event "NLD-ch op"]
[Site "?"]
[Date "1994.??.??"]
[Round "?"]
[White "Vedder, Henk"]
[Black "Van Wely, Loek"]
[Result "0-1"]
[WhiteElo "2360"]
[BlackElo "2560"]

1.e4 c5 2.Nf3 e6 3.Nc3 d6 4.d4 cxd4 5.Qxd4 a6 6.Be3 Nc6 7.Qb6 Qxb6 8.Bxb6 Nf6
9.O-O-O Be7 10.Nd2 Nd7 11.Na4 d5 12.exd5 exd5 13.Nb3 O-O 14.Be2 Nf6 15.Nc3 Be6
16.Bf3 Rfc8 17.Kb1 Bd8 18.Bxd8 Rxd8 19.Nd4 Bg4 20.h3 Bxf3 21.Nxf3 Ne4 22.Nxe4 dxe4
23.Ng5 f5 24.Ne6 Rxd1+ 25.Rxd1 Re8 26.Nc5 Re7 27.Rd6 e3 28.fxe3 Rxe3 29.c3 Na5
30.Rd8+ Kf7 31.Rd7+ Kf6 32.Nxb7 Nxb7 33.Rxb7 Rg3 34.c4 Rxg2 35.c5 f4 36.Rb3 Rg3
37.Rb4 Ke5 38.Kc2 f3 39.Kd3 Kd5 40.h4 Kxc5 41.Rf4 Rg2 42.Rf5+ Kc6 43.Ke3 Rxb2
44.Kxf3 Rxa2 45.Rf7 Rh2 46.Kg4 Rd2  0-1

[Event "NLD-ch"]
[Site "?"]
[Date "1994.??.??"]
[Round "4"]
[White "Piket, Jeroen"]
[Black "Van Wely, Loek"]
[Result "1-0"]
[WhiteElo "2605"]
[BlackElo "2570"]

1.d4 Nf6 2.c4 g6 3.Nc3 Bg7 4.e4 d6 5.Nf3 O-O 6.h3 e5 7.d5 a5 8.Be3 Na6 9.g4 Nc5
10.Nd2 Ne8 11.Qe2 f5 12.gxf5 gxf5 13.O-O-O f4 14.Bxc5 dxc5 15.h4 Ra6 16.Bh3 Bxh3
17.Rxh3 Rg6 18.h5 Rg2 19.Nf3 Qd7 20.Rhh1 Bf6 21.Qf1 Rg7 22.h6 Rg6 23.Rh5 Qg4
24.Qh1 Qg2 25.Qxg2 Rxg2 26.Nxe5 Bxe5 27.Rxe5 Nd6 28.Re7 Rf7 29.Re6 Nxc4 30.e5 Rg5
31.Re1 Kf8 32.b3 Nb6 33.Rxb6 cxb6 34.e6 Rff5 35.d6 Rd5 36.Nxd5 Rxd5 37.d7 Ke7
38.a4 Rg5 39.Rd1 Rg8 40.Kc2  1-0

[Event "NLD-chT9495"]
[Site "?"]
[Date "1994.??.??"]
[Round "3"]
[White "Van Wely, Loek"]
[Black "Van Mil, Johannes A J"]
[Result "1-0"]
[WhiteElo "2570"]
[BlackElo "2450"]

1.Nf3 f5 2.d4 Nf6 3.g3 g6 4.Bg2 Bg7 5.O-O O-O 6.b3 d6 7.Bb2 Qe8 8.c4 Na6
9.Re1 Kh8 10.Nc3 e5 11.dxe5 dxe5 12.e4 f4 13.Nd5 Bg4 14.Nxf6 Bxf6 15.Qd5 c6
16.Qxe5 Qd8 17.Rad1 Bxe5 18.Nxe5 Qf6 19.Rd6 Qg7 20.Ba1 Rae8 21.Nxg4 h5 22.Nf6 fxg3
23.hxg3  1-0

[Event "NLD-chT9495"]
[Site "?"]
[Date "1994.??.??"]
[Round "4"]
[White "Van Schaardenburg, Mark"]
[Black "Van Wely, Loek"]
[Result "0-1"]
[WhiteElo "2285"]
[BlackElo "2570"]

1.e4 c6 2.Nc3 d5 3.d4 dxe4 4.Nxe4 Nd7 5.Bc4 Ngf6 6.Nxf6+ Nxf6 7.Nf3 e6 8.O-O c5
9.Be3 cxd4 10.Bxd4 Be7 11.Qe2 O-O 12.Rfd1 Qa5 13.c3 Rd8 14.Ne5 Qc7 15.Rd3 Nd5
16.Rg3 Bf6 17.Qe4 Ne7 18.Ng4 Bxd4 19.Nh6+ Kf8 20.Qxh7 Bxf2+ 21.Kh1 Bxg3 22.Qh8+ Ng8
23.Qxg8+ Ke7 24.Nf5+ Kf6 25.Qxg7+ Kxf5 26.hxg3 Qxc4 27.Qxf7+ Ke5 28.Re1+ Kd6
29.Rd1+ Qd5 30.Rxd5+ exd5 31.Qf4+ Kc6 32.Qf6+ Rd6 33.Qf8 Kc7 34.b4 Rb8 35.Qf4 Be6
36.a4 Rd8 37.g4 Kb8 38.g5 Ka8 39.Qe5 d4 40.cxd4 Bb3 41.a5 a6 42.b5 Rd5 43.Qf6 axb5
44.a6 R5d6 45.axb7+ Kxb7 46.Qf3+ Bd5 47.Qf5 b4 48.g6 b3 49.g7 b2  0-1

[Event "NLD-chT9495"]
[Site "?"]
[Date "1994.??.??"]
[Round "7"]
[White "Van Wely, Loek"]
[Black "Vedder, Henk"]
[Result "1-0"]
[WhiteElo "2570"]
[BlackElo "2375"]

1.d4 e6 2.c4 d5 3.Nf3 Nf6 4.Nc3 c5 5.cxd5 cxd4 6.Qxd4 Nxd5 7.e4 Nxc3 8.Qxc3 Nc6
9.Bb5 Bd7 10.O-O Qb6 11.a4 Qc5 12.Qd3 Be7 13.Rd1 Rd8 14.Be3 Qh5 15.Bxa7 O-O
16.Bb6 Ne5 17.Qc3 Bxb5 18.Bxd8 Be2 19.Qxe5 Qxe5 20.Nxe5 Bxd8 21.Re1 Ba6 22.b4 Bf6
23.Nd7 Bxa1 24.Rxa1 Bc4  1-0

[Event "World op"]
[Site "Philadelphia"]
[Date "1994.??.??"]
[Round "?"]
[White "Van Wely, Loek"]
[Black "Frias, Victor J"]
[Result "1-0"]
[WhiteElo "2570"]
[BlackElo "2455"]

1.d4 Nf6 2.c4 c5 3.d5 g6 4.Nc3 d6 5.e4 Bg7 6.h3 O-O 7.Bd3 e6 8.Nf3 Na6 9.O-O Nc7
10.Re1 a6 11.a4 a5 12.dxe6 Nxe6 13.Bf1 Re8 14.Nb5 Ra6 15.Ra3 Qe7 16.Rd3 Rd8
17.g3 Qf8 18.b3 Nd7 19.Nxd6 Ne5 20.Nxe5 Raxd6 21.Rxd6 Rxd6 22.Nd3 Bc3 23.Bd2 Bxd2
24.Qxd2 Nd4 25.Qf4 Nxb3 26.Rb1 Nd4 27.Nxc5 b6 28.e5 Rd8 29.Ne4 Bxh3 30.Rd1 Bxf1
31.Nf6+ Kg7 32.Rxd4 Rxd4 33.Qxd4 Bh3 34.e6  1-0